000 00556nam a22002057a 4500
003 OSt
005 20151126141225.0
008 151126b xxu||||| |||| 00| 0 eng d
020 _a9781405114165
040 _cDDC
082 _a577 DAV 2012
100 _aDavis, Nicholas B.; Krebs, John R.; West, Stuart A.
_96317
245 _aAn introduction to behavioural Ecology
250 _a4th ed.
260 _aUK; Wiley, 2012
300 _axii,506p; col.ill: 25cm
504 _aReferences, & index included
650 _aEcology
_9544
942 _2z
_cO_SHELF
999 _c2696
_d2696